000 00214nam a22000857a 4500
008 170527b xxu||||| |||| 00| 0 eng d
100 _93155
_aSingh.R.K.
245 _aResearch in Social Work
260 _aBhopal
_bM.R.
_c2008
999 _c6451
_d6451